000 01279nam a22003737a 4500
001 12366228
003 OSt
005 20210426120123.0
008 010402s2001 ctua b 001 0 eng
010 _a 2001026172
020 _a0300085419 (alk. paper)
040 _aDLC
_cDLC
_dDLC
_beng
041 _aeng
042 _apcc
043 _ae-uk-en
050 0 0 _aHQ792.G7
_bO74 2001
080 _a94
_bO-76
082 0 0 _a305.23/0942/0902
_221
100 1 _aOrme, Nicholas.
245 1 0 _aMedieval children /
_cNicholas Orme.
_b/ by: Yale University Press
260 _aNew Haven
_bYale University Press
_cc2001.
300 _axii, 387 p.
_bill. (some col.) ;
_c26 cm.
504 _aIncludes bibliographical references and index.
650 0 _aChildren
_zEngland
_xHistory.
650 0 _aHistory
_9252
650 0 _aSocial history
_yMedieval, 500-1500.
651 0 _aEngland
_xSocial conditions
_y1066-1485.
653 _aისტორია
653 _aშუა საუკუნეები
653 _aინგლისი
906 _a7
_bcbc
_corignew
_d1
_eocip
_f20
_gy-gencatlg
942 _2udc
_cBK
999 _c1028
_d1028